书目信息

书名: 智慧的分析洞察 
作者: 程永 编著
出版信息: 北京   电子工业出版社  2013
开本页数: 23cm  19, 247页
丛书名:
单 册:
中图分类: TP27
科图分类:
主题词: 数据处理--shu ju chu li--研究
电子资源:
ISBN: 978-7-121-21620-6
000 00973nam0 2200253 45
001 012014000000
005 20141016121212.0
010    @a978-7-121-21620-6@dCNY75.00
100    @a20141016d2013 em y0chiy50 ea
101 @achi
102    @aCN@b110000
105    @ay z 000yy
106    @ar
200 @a智慧的分析洞察@Azhi hui de fen xi dong cha@d= Smarter analytics@f程永编著@zeng
210    @a北京@c电子工业出版社@d2013
215    @a19, 247页@d23cm
314    @a程永,IBM大中华软件集团资深信息管理专家,信息架构师。
330    @a本书主要从体系结构和方法论层面讲述智慧的分析洞察、IBM“3A5步”、信息议程、构建新一代数据中心、大数据管理、元数据管理、数据治理和主数据管理等相关概念、方法、模型和示例。针对信息供应链的每个领域以IBM相关产品简单举例。
510 @aSmarter analytics@zeng
606 @a数据处理@Ashu ju chu li@x研究
690    @aTP27@v5
701  0 @a程永@Acheng yong@4编著
801  0 @aCN@bCDNYKJZYXY@c20141016
905    @aCDNYKJZYXY@dTP27@e73@f3
    
    智慧的分析洞察= Smarter analytics/程永编著.-北京:电子工业出版社,2013
    19, 247页;23cm
    
    
    ISBN 978-7-121-21620-6:CNY75.00
    本书主要从体系结构和方法论层面讲述智慧的分析洞察、IBM“3A5步”、信息议程、构建新一代数据中心、大数据管理、元数据管理、数据治理和主数据管理等相关概念、方法、模型和示例。针对信息供应链的每个领域以IBM相关产品简单举例。
相关链接 在五车中查询图书 在当当中查询图书 在豆瓣中查询图书


正题名:智慧的分析洞察     索取号:TP27/73         预约/预借

序号 登录号 条形码 馆藏地/架位号 状态 备注
1 474889   300474889   海科密-1楼/40架4列2层/ [索取号:TP27/73] 在馆    
2 474890   300474890   海科密-1楼/54架4列4层/ [索取号:TP27/73] 在馆    
3 474891   300474891   海科密-1楼/40架4列2层/ [索取号:TP27/73] 在馆